<?xml version="1.0" encoding="UTF-8"?>
<marc:record xmlns:marc="http://www.loc.gov/MARC21/slim">
   <marc:leader>00000nam a2200000 a 4500</marc:leader>
   <marc:datafield ind1="1" ind2=" " tag="100">
      <marc:subfield code="a">Bröger, Achim</marc:subfield>
      <marc:subfield code="4">aut</marc:subfield>
      <marc:subfield code="e">Verfasser/-in</marc:subfield>
   </marc:datafield>
   <marc:datafield ind1=" " ind2=" " tag="653">
      <marc:subfield code="a">Hund</marc:subfield>
   </marc:datafield>
   <marc:datafield ind1=" " ind2=" " tag="653">
      <marc:subfield code="a">Anthologie</marc:subfield>
   </marc:datafield>
   <marc:datafield ind1=" " ind2=" " tag="653">
      <marc:subfield code="a">Kinderbuch</marc:subfield>
   </marc:datafield>
   <marc:datafield ind1="0" ind2="0" tag="245">
      <marc:subfield code="a">Hier kommt Flocki!</marc:subfield>
   </marc:datafield>
   <marc:datafield ind1="0" ind2="0" tag="245">
      <marc:subfield code="b">Lustige Hundegeschichten</marc:subfield>
   </marc:datafield>
   <marc:datafield ind1="0" ind2="0" tag="245">
      <marc:subfield code="c">Bröger, Achim</marc:subfield>
   </marc:datafield>
   <marc:datafield ind1=" " ind2="1" tag="264">
      <marc:subfield code="a">Würzburg</marc:subfield>
      <marc:subfield code="b">Ed. Bücherbär im Arena-Verl.</marc:subfield>
      <marc:subfield code="c">2005</marc:subfield>
   </marc:datafield>
   <marc:datafield ind1=" " ind2=" " tag="250">
      <marc:subfield code="a">1. Aufl</marc:subfield>
   </marc:datafield>
   <marc:datafield ind1="1" ind2=" " tag="520">
      <marc:subfield code="a">Neuausgabe des 1995 in der Reihe Arena-Lesestier erschienenen Flocki-Bandes "Mein erster Advent ..." (BA 1/96). Alle 4 originell von dem kleinen Hund selbst erzählten Geschichten von den lächerlichen Erziehungsversuchen seiner Menschenfamilie, von einem Ausflug ans Meer voller neuer Eindrücke und vom 1. Advent, jeweils mit den köstlichen Kommentaren des jungen Hundes sind mit der Erstausgabe identisch, ebenso die putzigen Zeichnungen von Gisela Kalow. Nur das Format ist etwas kleiner. Von Flockis Erlebnissen ist nur noch "Flockis Abenteuer" (nicht in BA besprochen) auf dem Markt. Dieser Band kann für Ersatz- und Neuanschaffung weiterhin zum Vorlesen und zum Selberlesen ab 8 Jahren empfohlen werden.. - Der kleine Hund Flocki erzählt von den lächerlichen Versuchen seiner Menschenfamilie ihn zu erziehen, von einem befremdenden Ausflug ans Meer und aufregenden Adventsvorbereitungen. Ab 7.</marc:subfield>
   </marc:datafield>
   <marc:datafield ind1=" " ind2=" " tag="020">
      <marc:subfield code="a">9783401088525</marc:subfield>
      <marc:subfield code="9">9783401088525</marc:subfield>
   </marc:datafield>
   <marc:datafield ind1=" " ind2=" " tag="020">
      <marc:subfield code="a">3401088521</marc:subfield>
      <marc:subfield code="9">3401088521</marc:subfield>
   </marc:datafield>
   <marc:datafield ind1=" " ind2=" " tag="041">
      <marc:subfield code="a">ger</marc:subfield>
   </marc:datafield>
   <marc:datafield ind1=" " ind2=" " tag="300">
      <marc:subfield code="b">Ill. (farb.)</marc:subfield>
   </marc:datafield>
   <marc:datafield ind1=" " ind2=" " tag="338">
      <marc:subfield code="a">Band</marc:subfield>
   </marc:datafield>
   <marc:datafield ind1=" " ind2=" " tag="300">
      <marc:subfield code="a">63 S.</marc:subfield>
   </marc:datafield>
</marc:record>
